Sports Quiz

Random Sports or Nintendo Quiz

2001-2002 Miami Huricanes Champions- Starting Lineup Quiz Stats

 Plays Quiz not verified by Sporcle

Support Sporcle.
Go Orange.
Score 0/24 Timer 04:00
0 Plays Today
Position Players Name % Correct
TEJeremy Shockey
89.3%
WRAndre Johnson
85.7%
FSEd Reed
85.7%
QBKen Dorsey
82.1%
HBClinton Portis
78.6%
SSSean Taylor
64.3%
OLBD.J. Williams
57.1%
MLBJonathan Vilma
57.1%
LTBryant McKinnie
53.6%
REAndrew Williams
53.6%
FBNajeh Davenport
42.9%
RCBMike Rumph
39.3%
Position Players Name % Correct
WRDaryl Jones
32.1%
LEJerome McDougle
25%
RTJoaquin Gonzalez
21.4%
LCBPhillip Buchanon
21.4%
CBret Romberg
17.9%
DTWilliam Joseph
14.3%
OLBChris Campbell
7.1%
KTodd Sievers
7.1%
LGSherko Haji- Rasouli
3.6%
RGMartin Bibla
3.6%
PFreddie Capshaw
3.6%
DTMatt Walters
0%

You're not logged in!

Compare scores with friends on all Sporcle quizzes.
OR
Log In

From the Vault

NFL Rushing TD Leaders (Season)

by Ben

If I was on this list, I would pretty much make the team punter get me coffee every morning.
Remove Ads.
Support Sporcle.
Get the best of Sporcle when you Go Orange. This ad-free experience offers more features, more stats, and more fun while also helping to support Sporcle. Thank you for becoming a member.

Show Comments

Extras

Top Quizzes Today


Score Distribution

Your Account Isn't Verified!

In order to create a playlist on Sporcle, you need to verify the email address you used during registration. Go to your Sporcle Settings to finish the process.

Report this User

Report this user for behavior that violates our Community Guidelines.

Details: